O fantasma / (Record no. 505)

MARC details
000 -LÍDER
campo de controle de tamanho fixo 01325nam a22003014a 4500
001 - NÚMERO DE CONTROLE
campo de controle 505
003 - IDENTIFICADOR DO NÚMERO DE CONTROLE
campo de controle BR-RjBN
005 - DATA E HORÁRIO DA ÚLTIMA TRANSAÇÃO
campo de controle 20260413075955.0
008 - CAMPO DE DADOS FIXOS--INFORMAÇÃO GERAL
campo de controle de tamanho fixo 990827s2000 rjb 000 f por d
020 ## - ISBN - INTERNATIONAL STANDARD BOOK NUMBER
ISBN - International Standard Book Number 9788577993505
040 ## - FONTE DA CATALOGAÇÃO
Idioma da catalogação por
041 1# - CÓDIGO DE IDIOMA
Código do idioma do texto/trilha sonora ou título diferente por
Código do idioma do original e/ou traduções intermediárias do texto eng
082 04 - CDD - CLASSIFICAÇÃO DECIMAL DE DEWEY
Número de Classificação 813
Número do exemplar S814f
100 ## - ENTRADA PRINCIPAL--NOME PESSOAL
Nome pessoal Steel, Danielle,
Datas associadas ao nome 1947-
9 (RLIN) 1087
240 04 - TÍTULO UNIFORME
Título uniforme The ghost.
245 12 - TÍTULO
Título O fantasma /
Indicação de responsabilidade, etc. Danielle Steel ; tradução de Eduardo Francisco Alves.
250 ## - EDIÇÃO
Declaração de edição 1 ed.
260 ## - PUBLICAÇÃO, DISTRIBUIÇÃO, ETC.
Local de publicação, distribuição, etc. Rio de Janeiro
Nome do editor, distribuidor, etc. BestBolso
Data da publicação, distribuição, etc. 2013.
300 ## - DESCRIÇÃO FÍSICA
Extensão 335 p.
520 ## - NOTA DE RESUMO, ETC.
Resumo, etc. Danielle Steel promove o encontro entre dois séculos, duas vidas e dois destinos ao narrar a emocionante história de um homem desiludido que aprende a amar novamente. Charlie Waterston acreditava ter uma vida perfeita, até sua esposa o abandonar inesperadamente. Ao dirigir por uma estrada, encontra um castelo construído em 1790 por um conde para a sua amante, Sarah Ferguson, a condessa de Balfour. Nele, Charlie sente a forte presença de Sarah, cuja história vai sendo descortinada à medida que ele lê os diários da condessa
650 #0 - ASSUNTO--TERMO TÓPICO
Cabeçalho tópico ou nome geográfico Literatura Americana
9 (RLIN) 84
650 #0 - ASSUNTO--TERMO TÓPICO
Cabeçalho tópico ou nome geográfico Amor proibido
9 (RLIN) 580
650 #0 - ASSUNTO--TERMO TÓPICO
Cabeçalho tópico ou nome geográfico Traição
9 (RLIN) 644
655 #0 - TERMO DE ÍNDICE--GÊNERO E FORMA
Gênero/forma/ou termo foco Romance
655 #0 - TERMO DE ÍNDICE--GÊNERO E FORMA
Gênero/forma/ou termo foco Ficção
700 ## - ENTRADA ADICIONADA - NOME PESSOAL
Nome pessoal Eduardo Francisco Alves
Função do autor por extenso Tradutor
9 (RLIN) 306
942 ## - ELEMENTOS DE ENTRADA ADICIONADOS (KOHA)
Fonte de classificação ou esquema de arquivamento Classificação decimal de Dewey
Ocultar no OPAC Não
Tipo de material Koha Livros
Holdings
Situação do descarte Situação das perdas Fonte de classificação ou esquema de arquivamento Status danificado Não pode ser emprestado Coleção Biblioteca de origem Biblioteca atual Localização na estante Data de aquisição Fonte de aquisição Total de empréstimos Código de barras Data de último acesso Número do exemplar Data do preço efetivo Tipo de material Koha
    Classificação decimal de Dewey     Ficção Biblioteca Professor Eduardo Afonso de Castro Biblioteca Professor Eduardo Afonso de Castro Literatura Estrangeira 13.04.2026 doação   2026-17440 13.04.2026 813 / S814f 13.04.2026 Livros

Powered by Koha